Learn to draw charts and diagrams step-by-step / (Record no. 6689)
[ view plain ]
| 000 -LEADER | |
|---|---|
| fixed length control field | 00640cac a22002051u 4500 |
| 090 ## - LOCALLY ASSIGNED LC-TYPE CALL NUMBER (OCLC); LOCAL CALL NUMBER (OCLC) | |
| -- | 6689 |
| 008 - FIXED-LENGTH DATA ELEMENTS--GENERAL INFORMATION | |
| fixed length control field | 081029t1988 xxu||||| |||| 00| 0 eng d |
| 020 ## - INTERNATIONAL STANDARD BOOK NUMBER | |
| International Standard Book Number | 0356148033 |
| 082 ## - DEWEY DECIMAL CLASSIFICATION NUMBER | |
| Classification number | 001.4226 |
| 100 ## - MAIN ENTRY--PERSONAL NAME | |
| Personal name | Robertson, Bruce |
| 245 ## - TITLE STATEMENT | |
| Title | Learn to draw charts and diagrams step-by-step / |
| Statement of responsibility, etc | Bruce Robertson. |
| 260 ## - PUBLICATION, DISTRIBUTION, ETC. (IMPRINT) | |
| Place of publication, distribution, etc | London : |
| Name of publisher, distributor, etc | Macdonald, |
| Date of publication, distribution, etc | 1988. |
| 300 ## - PHYSICAL DESCRIPTION | |
| Extent | [192]p. : |
| Other physical details | ill., charts ; |
| Dimensions | 25cm. |
| 500 ## - GENERAL NOTE | |
| General note | distributer: al-Ahram |
| 511 ## - PARTICIPANT OR PERFORMER NOTE | |
| Participant or performer note | catalogue by; wessam |
| 650 ## - SUBJECT ADDED ENTRY--TOPICAL TERM | |
| Topical term or geographic name as entry element | Diagrams. |
| 653 ## - INDEX TERM--UNCONTROLLED | |
| Uncontrolled term | Charts & diagrams |
| 942 ## - ADDED ENTRY ELEMENTS (KOHA) | |
| Item type | Book - Borrowing |
| Call number prefix | 001.4226 ROB |
| Source of classification or shelving scheme | Dewey Decimal Classification |
| Withdrawn status | Item status | Damaged status | Not for loan | Home library | Current library | Shelving location | Date acquired | Source of acquisition | Total Checkouts | Full call number | Barcode | Date last seen | Koha item type |
|---|---|---|---|---|---|---|---|---|---|---|---|---|---|
| Central Library | Central Library | Lower Floor | 29/11/2007 | Purchase | 001.4226 ROB | 000008300 | 15/07/2025 | Book - Borrowing |